000 00549nam a2200193Ia 4500
005 20250508163253.0
008 008 250505s9999 xx 000 0 eng d
037 _aDissertations
040 _aFEDL
_beng
_cFEDL
041 _aeng
_2eng
084 _a377.97, AZA/DI
_qFEDL
100 _aAzra Razzack
_9538745
245 0 _aMuslim educational movements in British India
260 _c1986
300 _a187p.
546 _aM.Phil Dissertation, (Delhi University)
942 _cDIS
_h377.97, AZA/DI
999 _c1381921
_d1381921